Statistics for Premier League Players by Name - L

Click here to take the quiz!

General Stats

  • This quiz has been taken 22 times
  • The average score is 16 of 29

Answer Stats

PositionClubNationPlayer% Correct
FWArsenalFranceAlexandre Lacazette
94%
GKTottenham HotspurFranceHugo Lloris
94%
MFManchester UnitedEnglandJesse Lingard
88%
DFManchester UnitedSwedenVictor Lindelof
88%
DFManchester CitySpainAymeric Laporte
82%
FWChelseaBelgiumRomelu Lukaku
82%
GKArsenalGermanyBernd Leno
76%
MFTottenham HotspurArgentinaGiovani Lo Celso
76%
MFWest Ham UnitedArgentinaManuel Lanzini
71%
DFNewcastle UnitedEnglandJamaal Lascelles
65%
DFBurnleyIrelandKevin Long
65%
FWSouthamptonIrelandShane Long
65%
DFLeeds UnitedSpainDiego Llorente
59%
GKSouthamptonEnglandHarry Lewis
59%
DFNewcastle UnitedNorthern IrelandJamal Lewis
59%
MFAston VillaBrazilDouglas Luiz
53%
MFBrighton & Hove AlbionEnglandAdam Lallana
47%
MFArsenalBelgiumAlbert Sambi Lokonga
47%
MFChelseaEnglandRuben Loftus-Cheek
47%
MFNewcastle UnitedEnglandSean Longstaff
41%
DFBrighton & Hove AlbionEnglandTariq Lamptey
35%
FWLeicester CityEnglandAdemola Lookman
24%
GKEvertonEnglandAndy Lonergan
24%
DFBurnleyEnglandMatthew Lowton
24%
MFNorwich CityFrancePierre Lees-Melou
24%
DFSouthamptonEnglandTino Livramento
24%
MFWatfordFranceImran Louza
18%
DFSouthamptonBrazilLyanco
18%
GKNewcastle UnitedEnglandDan Langley
12%

Score Distribution

Percentile by Number Answered

Percent of People with Each Score

Your Score History

You have not taken this quiz